[Event "Mem Vinas 15th A"]
[Site "Mataro"]
[Date "2019.06.08"]
[Round "5.14"]
[White "Roig Ruiz, Carles"]
[Black "Martinez Hernandez, Emili"]
[Result "1-0"]
[WhiteElo "1744"]
[BlackElo "1705"]
[PlyCount "75"]
[EventDate "2019.05.04"]
[EventType "swiss"]
[EventRounds "8"]
[EventCountry "ESP"]
[SourceTitle "EXT 2024"]
[Source "ChessBase"]
[SourceDate "2023.10.10"]
[SourceVersion "1"]
[SourceVersionDate "2023.10.10"]
[SourceQuality "1"]

1. d4 Nf6 2. g3 c6 3. Bg2 d5 4. Nf3 e6 5. 0-0 Ne4 6. c4 f5 7. Nc3 Nxc3 8. bxc3 Bd6 9. a4 0-0 10. Ba3 Bxa3 11. Rxa3 Qe7 12. Qc1 Nd7 13. cxd5 cxd5 14. c4 dxc4 15. Rc3 Nb6 16. Ne5 Rb8 17. a5 Nd5 18. Rxc4 Bd7 19. Bxd5 exd5 20. Rc7 Rfd8 21. Qb1 Qd6 22. Rxb7 a6 23. Rc1 Be8 24. Rxb8 Rxb8 25. Qxf5 Qb4 26. Qe6+ Kh8 27. Qxd5 Qd2 28. Rc7 Rb1+ 29. Kg2 Qxe2 30. Nf7+ Bxf7 31. Qxf7 Qf1+ 32. Kf3 Qd3+ 33. Kg4 Qxd4+ 34. Kh3 Rb8 35. Qc4 Qd8 36. Qf7 Qd4 37. Rd7 Qe5 38. Re7 1-0

[Event "Mem Vinas 15th A"]
[Site "Mataro"]
[Date "2019.05.04"]
[Round "1.5"]
[White "Roig Ruiz, Carles"]
[Black "Capellades Subirana, Marc"]
[Result "0-1"]
[WhiteElo "1744"]
[BlackElo "2193"]
[PlyCount "78"]
[EventDate "2019.05.04"]
[EventType "swiss"]
[EventRounds "8"]
[EventCountry "ESP"]
[SourceTitle "EXT 2024"]
[Source "ChessBase"]
[SourceDate "2023.10.10"]
[SourceVersion "1"]
[SourceVersionDate "2023.10.10"]
[SourceQuality "1"]

1. d4 Nf6 2. g3 c5 3. d5 e6 4. c4 exd5 5. cxd5 d6 6. Nc3 g6 7. e4 Bg7 8. Bg2 0-0 9. Nf3 b5 10. Bg5 b4 11. Ne2 h6 12. Bxf6 Qxf6 13. Rb1 Nd7 14. 0-0 Qe7 15. Qc2 Bb7 16. Rfe1 Rae8 17. Nd2 Ne5 18. Nc4 Nxc4 19. Qxc4 a5 20. Nc1 Ra8 21. f4 f6 22. Nb3 a4 23. Nd2 a3 24. b3 Qd7 25. Qf1 Rae8 26. Nc4 Ba6 27. Bh3 f5 28. exf5 gxf5 29. Qd3 Bd4+ 30. Kf1 Rxe1+ 31. Rxe1 Bb7 32. Bg2 Rf6 33. Qe2 Ba6 34. Qe8+ Qxe8 35. Rxe8+ Rf8 36. Re2 Bxc4 37. bxc4 b3 38. axb3 Bb2 39. Re7 a2 0-1

[Event "Maresme op 15th"]
[Site "Maresme"]
[Date "2018.11.24"]
[Round "8"]
[White "Roig Ruiz, Carles"]
[Black "Goloubev Goloubeva, Maria"]
[Result "1-0"]
[WhiteElo "1789"]
[BlackElo "1679"]
[PlyCount "59"]
[EventDate "2018.09.29"]
[EventType "swiss"]
[EventRounds "9"]
[EventCountry "ESP"]
[SourceTitle "EXT 2024"]
[Source "ChessBase"]
[SourceDate "2023.10.10"]
[SourceVersion "1"]
[SourceVersionDate "2023.10.10"]
[SourceQuality "1"]

1. d4 Nf6 2. g3 d5 3. Bg2 g6 4. Nf3 Bg7 5. 0-0 0-0 6. c4 dxc4 7. Nc3 e6 8. e4 Nc6 9. e5 Nd5 10. Bg5 Qd7 11. Ne4 f6 12. exf6 Nxf6 13. Nc5 Qe7 14. Rc1 h6 15. Be3 Nd5 16. Rxc4 Na5 17. Rc1 Nxe3 18. fxe3 b6 19. Qa4 Bb7 20. Nxb7 Nxb7 21. Qc6 Nd6 22. Qxc7 Qxc7 23. Rxc7 Rfc8 24. Rfc1 Rxc7 25. Rxc7 Nf5 26. Kf2 a6 27. Nh4 Rf8 28. Nxg6 Rf6 29. Nf4 a5 30. Rb7 1-0

[Event "Maresme op 14th"]
[Site "Maresme"]
[Date "2017.11.25"]
[Round "8"]
[White "Garcia Garcia, Candido"]
[Black "Roig Ruiz, Carles"]
[Result "0-1"]
[WhiteElo "1699"]
[BlackElo "1794"]
[PlyCount "134"]
[EventDate "2017.09.30"]
[EventType "swiss"]
[EventRounds "9"]
[EventCountry "ESP"]
[SourceTitle "CBM 181 Extra"]
[Source "ChessBase"]
[SourceDate "2017.12.12"]
[SourceVersion "1"]
[SourceVersionDate "2017.12.12"]
[SourceQuality "1"]

1. d4 g6 2. Bf4 Bg7 3. e3 Nf6 4. Nf3 d5 5. h3 0-0 6. Be2 b6 7. 0-0 Ba6 8. c3 Bxe2 9. Qxe2 Nbd7 10. Na3 c6 11. Nc2 Ne4 12. Nb4 Qc8 13. Rfc1 a5 14. Nd3 Qa6 15. Qc2 c5 16. Nde5 Nxe5 17. Nxe5 f6 18. Nf3 e5 19. Bh2 c4 20. Rf1 Rae8 21. Rad1 Qb7 22. h4 h5 23. b3 b5 24. bxc4 bxc4 25. Rb1 Qc7 26. Nd2 Nxd2 27. Qxd2 Qd7 28. Rfd1 e4 29. Rb6 Qg4 30. Bg3 g5 31. Rdb1 gxh4 32. Qd1 Qxd1+ 33. Rxd1 hxg3 34. fxg3 Rb8 35. Rdb1 Rxb6 36. Rxb6 Rd8 37. a4 Kf7 38. Rb7+ Kg6 39. Rb5 Kf5 40. Rxa5 Kg4 41. Kf2 Bh6 42. Rb5 Bg5 43. a5 h4 44. a6 hxg3+ 45. Ke2 Ra8 46. Ra5 f5 47. a7 f4 48. exf4 Bxf4 49. Kd1 Be3 50. Ke2 Kf4 51. Ra6 Bc1 52. Rf6+ Kg5 53. Ra6 Kf5 54. Kd1 Bg5 55. Ke2 Bf6 56. Ke3 Be7 57. Ke2 Bg5 58. Kd1 Kg4 59. Ke2 Bc1 60. Rg6+ Kf5 61. Ra6 e3 62. Ra2 Kg4 63. Ra6 Bd2 64. Ra3 Kf4 65. Ra6 Bxc3 66. Rf6+ Ke4 67. Ra6 Bxd4 0-1

[Event "Maresme op 14th"]
[Site "Maresme"]
[Date "2017.11.11"]
[Round "6"]
[White "Roig Ruiz, Carles"]
[Black "Maza Navarro, Llorens"]
[Result "1-0"]
[WhiteElo "1794"]
[BlackElo "1543"]
[PlyCount "85"]
[EventDate "2017.09.30"]
[EventType "swiss"]
[EventRounds "9"]
[EventCountry "ESP"]
[SourceTitle "CBM 181 Extra"]
[Source "ChessBase"]
[SourceDate "2017.12.12"]
[SourceVersion "1"]
[SourceVersionDate "2017.12.12"]
[SourceQuality "1"]

1. d4 Nf6 2. c4 e6 3. Nc3 b6 4. Nf3 Bb7 5. Bg5 Be7 6. e3 d5 7. Bd3 Nbd7 8. 0-0 0-0 9. cxd5 Nxd5 10. Bxe7 Qxe7 11. Rc1 Rac8 12. Nxd5 exd5 13. Qa4 a5 14. Bf5 Ba6 15. Bxd7 Bxf1 16. Kxf1 Rcd8 17. Bh3 Rd6 18. Rc3 Qe4 19. Qc2 Qxc2 20. Rxc2 c5 21. dxc5 Rc6 22. Ne5 Rxc5 23. Rxc5 bxc5 24. Nd7 Rd8 25. Nxc5 Rb8 26. b3 Rb5 27. Na4 Rb7 28. Ke2 Rc7 29. Kd2 Kf8 30. Nb6 Rc6 31. Nxd5 Rd6 32. e4 g6 33. g3 f5 34. f3 Kf7 35. Bf1 Ke6 36. Bc4 Ke5 37. Ke3 fxe4 38. fxe4 Rc6 39. Nf4 a4 40. Nd3+ Kf6 41. e5+ Ke7 42. Nf4 axb3 43. axb3 1-0

[Event "Maresme-ch 7th"]
[Site "Mataro"]
[Date "2015.11.14"]
[Round "7"]
[White "Roig Ruiz, Carles"]
[Black "Gonzalez Saguillo, Oriol"]
[Result "0-1"]
[WhiteElo "2005"]
[BlackElo "2115"]
[PlyCount "86"]
[EventDate "2015.10.03"]
[EventType "swiss"]
[EventRounds "9"]
[EventCountry "ESP"]
[SourceTitle "CBM 170 Extra"]
[Source "ChessBase"]
[SourceDate "2016.02.25"]
[SourceVersion "1"]
[SourceVersionDate "2016.02.25"]
[SourceQuality "1"]

1. d4 Nf6 2. c4 e6 3. Nc3 d5 4. Nf3 c6 5. Bg5 Nbd7 6. e3 h6 7. Bh4 Be7 8. Rc1 0-0 9. Bd3 dxc4 10. Bxc4 b5 11. Bd3 a6 12. e4 Bb7 13. e5 Nd5 14. Bxe7 Nxe7 15. Ne4 Qa5+ 16. Qd2 Qxa2 17. Nd6 Rab8 18. 0-0 c5 19. Ra1 Qb3 20. Ra3 Qb4 21. Nxb7 Qxd2 22. Nxd2 Rxb7 23. Rxa6 cxd4 24. Be4 Rc7 25. f4 Nc5 26. Rd6 Nxe4 27. Nxe4 Nd5 28. Rd1 Rfc8 29. Rxd4 Rc1+ 30. Kf2 R8c2+ 31. Kg3 Ne3 32. Rd8+ Kh7 33. R4d7 Nf5+ 34. Kh3 Re1 35. Nf6+ Kg6 36. Ne8 Re3+ 37. g3 Ree2 38. Nd6 Rxh2+ 39. Kg4 h5+ 40. Kf3 Rhf2+ 41. Ke4 Rfe2+ 42. Kd3 Red2+ 43. Ke4 Rd4+ 0-1

[Event "Mataro op 11th"]
[Site "Mataro"]
[Date "2014.11.01"]
[Round "6"]
[White "Roig Ruiz, Carles"]
[Black "Gonzalez Moreno, Antoni"]
[Result "1/2-1/2"]
[WhiteElo "1997"]
[BlackElo "1943"]
[PlyCount "45"]
[EventDate "2014.09.27"]
[EventType "swiss"]
[EventRounds "9"]
[EventCountry "ESP"]
[SourceTitle "EXT 2016"]
[Source "ChessBase"]
[SourceDate "2015.10.08"]
[SourceVersion "1"]
[SourceVersionDate "2015.10.08"]
[SourceQuality "1"]

1. d4 d5 2. c4 e6 3. Nc3 Nf6 4. Bg5 Nbd7 5. e3 Be7 6. Nf3 a6 7. cxd5 exd5 8. Bd3 c6 9. 0-0 0-0 10. a3 Ne4 11. Bf4 Ndf6 12. Ne5 Bd6 13. Qc2 Nxc3 14. bxc3 Qe7 15. a4 c5 16. c4 dxc4 17. Bxc4 Be6 18. dxc5 Bxe5 19. Bxe5 Qxc5 20. Bxf6 Qxc4 21. Qxc4 Bxc4 22. Rfc1 b5 23. Bd4 1/2-1/2

[Event "Mataro op 11th"]
[Site "Mataro"]
[Date "2014.10.18"]
[Round "4"]
[White "Roig Ruiz, Carles"]
[Black "Gonzalez Saguillo, Oriol"]
[Result "1-0"]
[WhiteElo "1997"]
[BlackElo "1932"]
[PlyCount "85"]
[EventDate "2014.09.27"]
[EventType "swiss"]
[EventRounds "9"]
[EventCountry "ESP"]
[SourceTitle "EXT 2016"]
[Source "ChessBase"]
[SourceDate "2015.10.08"]
[SourceVersion "1"]
[SourceVersionDate "2015.10.08"]
[SourceQuality "1"]

1. d4 d5 2. c4 c6 3. Nc3 Nf6 4. Nf3 e6 5. Bg5 Nbd7 6. e3 Bd6 7. Bd3 0-0 8. 0-0 Re8 9. Qc2 b6 10. cxd5 cxd5 11. Bxh7+ Kh8 12. Bd3 Bb7 13. Bb5 Rg8 14. Bxd7 Qxd7 15. Ne5 Bxe5 16. dxe5 Nh7 17. Bf4 Rgc8 18. Rfd1 Qc6 19. f3 Nf8 20. Rac1 Ng6 21. Bg3 Qe8 22. Qe2 Rc5 23. e4 Rac8 24. Rd2 dxe4 25. fxe4 Kg8 26. Rcd1 R5c7 27. a3 Bc6 28. Rd6 Nf8 29. Bh4 Bd7 30. Qg4 Ng6 31. Bg3 Nf8 32. h4 Qe7 33. h5 Nh7 34. Bh4 Qe8 35. Bf6 g6 36. Kf2 Nxf6 37. exf6 Qd8 38. e5 Rxc3 39. bxc3 Qc7 40. Rxd7 Qxe5 41. Rd8+ Rxd8 42. Rxd8+ Kh7 43. hxg6+ 1-0

[Event "Barcelona Sant Marti op-B 16th"]
[Site "Barcelona"]
[Date "2014.07.20"]
[Round "8"]
[White "Roig Ruiz, Carles"]
[Black "Delgado Camara, Lluis Felix"]
[Result "0-1"]
[WhiteElo "1997"]
[BlackElo "2047"]
[PlyCount "98"]
[EventDate "2014.07.13"]
[EventType "swiss"]
[EventRounds "9"]
[EventCountry "ESP"]
[SourceTitle "CBM 161 Extra"]
[Source "ChessBase"]
[SourceDate "2014.08.29"]
[SourceVersion "1"]
[SourceVersionDate "2014.08.29"]
[SourceQuality "1"]

1. d4 e6 2. c4 f5 3. Nc3 Nf6 4. Nf3 d5 5. g3 c6 6. Bg2 Bd6 7. Bg5 Nbd7 8. 0-0 0-0 9. c5 Bc7 10. b4 Qe8 11. Bxf6 Rxf6 12. Qc2 e5 13. e3 e4 14. Nd2 Rh6 15. Rfb1 Qh5 16. Nf1 Nf6 17. b5 f4 18. exf4 Bh3 19. bxc6 Bxg2 20. cxb7 Rb8 21. Kxg2 Qh3+ 22. Kg1 Bxf4 23. Nxd5 Nxd5 24. Qxe4 Nc3 25. Qf3 Bd2 26. c6 Rf6 27. c7 Rxb7 28. Rxb7 Rxf3 29. Rb8+ Rf8 30. Nxd2 h5 31. Nf3 Qd7 32. Ng5 Rc8 33. d5 Qxc7 34. Rxc8+ Qxc8 35. Re1 Nxd5 36. Re5 Nf6 37. h4 Qc1+ 38. Kg2 Qc6+ 39. Kg1 Qd7 40. Rc5 g6 41. a4 Ng4 42. a5 Nxf2 43. a6 Nh3+ 44. Kg2 Nxg5 45. Rxg5 Qc6+ 46. Kf2 Qxa6 47. Ke3 Kg7 48. Kf4 Qc4+ 49. Ke3 Qb4 0-1

[Event "Llinars del Valles op-A 8th"]
[Site "Llinars del Valles"]
[Date "2014.06.14"]
[Round "7"]
[White "Pruja Ramirez de Cartagena, Eduardo"]
[Black "Roig Ruiz, Carles"]
[Result "1/2-1/2"]
[WhiteElo "1834"]
[BlackElo "1774"]
[PlyCount "122"]
[EventDate "2014.04.26"]
[EventType "swiss"]
[EventRounds "8"]
[EventCountry "ESP"]
[SourceTitle "EXT 2015"]
[Source "ChessBase"]
[SourceDate "2014.11.20"]
[SourceVersion "1"]
[SourceVersionDate "2014.11.20"]
[SourceQuality "1"]

1. e4 e5 2. Nf3 d6 3. d4 exd4 4. Nxd4 g6 5. Bc4 Bg7 6. Be3 Nf6 7. Nc3 0-0 8. Qd2 Nxe4 9. Nxe4 d5 10. Nc3 dxc4 11. 0-0-0 c5 12. Ndb5 Qxd2+ 13. Rxd2 Na6 14. Nd6 b6 15. Nxc4 Be6 16. Nd6 Nb4 17. a3 Bxc3 18. bxc3 Nd5 19. Bh6 Rfd8 20. Ne4 Bf5 21. Bg5 Rdb8 22. Nf6+ Nxf6 23. Bxf6 h6 24. Rhd1 Kh7 25. a4 g5 26. Rd6 Be6 27. Be5 Re8 28. f4 Bg4 29. R1d2 gxf4 30. Bxf4 Re6 31. R6d5 Rae8 32. h3 Be2 33. Rd7 R8e7 34. Bb8 a6 35. Ba7 Rxd7 36. Rxd7 Kg6 37. a5 bxa5 38. Bxc5 Bb5 39. Rd4 h5 40. g4 hxg4 41. Rxg4+ Kf5 42. Rg2 Re1+ 43. Kb2 Rh1 44. Rg3 Kf4 45. Bd6+ Ke4 46. Bc7 a4 47. Rg4+ Kf5 48. Rf4+ Ke6 49. h4 f5 50. c4 Bc6 51. Rd4 Be4 52. Rd6+ Ke7 53. c5 Rh2 54. Rd7+ Kxd7 55. Bxh2 Kc6 56. h5 f4 57. Bxf4 Kxc5 58. c3 Kb5 59. Ka3 Kc4 60. h6 Kxc3 61. h7 Bxh7 1/2-1/2

[Event "Llinars del Valles op-A 8th"]
[Site "Llinars del Valles"]
[Date "2014.05.17"]
[Round "4"]
[White "Pellicer Pi, Jordi"]
[Black "Roig Ruiz, Carles"]
[Result "1/2-1/2"]
[WhiteElo "1839"]
[BlackElo "1774"]
[PlyCount "29"]
[EventDate "2014.04.26"]
[EventType "swiss"]
[EventRounds "8"]
[EventCountry "ESP"]
[SourceTitle "EXT 2015"]
[Source "ChessBase"]
[SourceDate "2014.11.20"]
[SourceVersion "1"]
[SourceVersionDate "2014.11.20"]
[SourceQuality "1"]

1. e4 e5 2. Nf3 d6 3. d4 exd4 4. Nxd4 g6 5. Bc4 Bg7 6. 0-0 Nf6 7. Bg5 0-0 8. Nc3 c6 9. Kh1 Nbd7 10. f4 Qb6 11. Nb3 Nxe4 12. Nxe4 d5 13. Nd6 dxc4 14. Nxc4 Qb4 15. Nbd2 1/2-1/2

[Event "Llinars del Valles op-A 8th"]
[Site "Llinars del Valles"]
[Date "2014.05.10"]
[Round "3"]
[White "Vilanova Guardiola, Josep Maria"]
[Black "Roig Ruiz, Carles"]
[Result "0-1"]
[WhiteElo "1830"]
[BlackElo "1774"]
[PlyCount "102"]
[EventDate "2014.04.26"]
[EventType "swiss"]
[EventRounds "8"]
[EventCountry "ESP"]
[SourceTitle "EXT 2015"]
[Source "ChessBase"]
[SourceDate "2014.11.20"]
[SourceVersion "1"]
[SourceVersionDate "2014.11.20"]
[SourceQuality "1"]

1. d4 g6 2. c4 Bg7 3. Nc3 d6 4. e4 f5 5. g3 Nh6 6. Bg2 Nc6 7. Nge2 e5 8. dxe5 Nxe5 9. 0-0 c6 10. b3 0-0 11. f4 Neg4 12. Qe1 Re8 13. h3 Nf6 14. e5 dxe5 15. fxe5 Rxe5 16. Bf4 Re8 17. Qc1 Nf7 18. Rb1 Nh5 19. Bf3 Nxf4 20. gxf4 Be6 21. Kh1 Qh4 22. Bg2 Rad8 23. Qc2 Bc8 24. c5 Re3 25. Nd1 Re7 26. Rc1 Rde8 27. Ndc3 Nd8 28. Qd3 Rd7 29. Qc2 Kh8 30. b4 Ne6 31. Qb3 Nd4 32. Nxd4 Rxd4 33. Qf7 Rf8 34. Qb3 Rxf4 35. Ne2 Rxb4 36. Qa3 Bb2 37. Qe3 Bxc1 38. Rxc1 Qf6 39. Nf4 Bd7 40. Rd1 Be8 41. Ne6 Rg8 42. Rd6 Bf7 43. Nf8 Qa1+ 44. Kh2 Rxf8 45. Qe7 Qg7 46. Rd8 Kg8 47. Rd7 Rb2 48. Rc7 Rxg2+ 49. Kxg2 Bd5+ 50. Kh2 Qxe7 51. Rxe7 Rf7 0-1

[Event "Llinars del Valles op-A 8th"]
[Site "Llinars del Valles"]
[Date "2014.05.03"]
[Round "2"]
[White "Roig Ruiz, Carles"]
[Black "Jimenez Ruano, Adrian"]
[Result "0-1"]
[WhiteElo "1774"]
[BlackElo "1851"]
[PlyCount "72"]
[EventDate "2014.04.26"]
[EventType "swiss"]
[EventRounds "8"]
[EventCountry "ESP"]
[SourceTitle "EXT 2015"]
[Source "ChessBase"]
[SourceDate "2014.11.20"]
[SourceVersion "1"]
[SourceVersionDate "2014.11.20"]
[SourceQuality "1"]

1. d4 Nf6 2. c4 g6 3. Nc3 d5 4. e3 Bg7 5. Nf3 0-0 6. b4 a5 7. b5 c5 8. Qb3 Bg4 9. Ne5 Nbd7 10. cxd5 cxd4 11. exd4 Nxe5 12. dxe5 Nd7 13. f4 f6 14. d6+ Kh8 15. h3 Bf5 16. g4 a4 17. Qd5 fxe5 18. gxf5 exf4 19. Bd2 Rxf5 20. Qxb7 exd6 21. h4 Nc5 22. Qf3 Ne4 23. Rc1 Nxd2 24. Kxd2 Bd4 25. Nd5 Qa5+ 26. Kd1 Re8 27. Bd3 Rfe5 28. Rc4 Be3 29. Rh2 Qa8 30. Rc6 a3 31. Rhc2 Qa4 32. R6c3 Qd4 33. Nf6 Rc5 34. Nxe8 Rxc3 35. Rxc3 Qxc3 36. Qe4 Qd2# 0-1